Catalog

Record Details

Catalog Search



The amazing Spider-Man. 1968-1970. The secret of ... Read More

Available copies

  • 1 of 2 copies available at LARL/NWRL Consortium.
  • 1 of 2 copies available at Lake Agassiz Regional Library. (Show preferred library)

Current holds

0 current holds with 2 total copies.

Show Only Available Copies
Location Call Number / Copy Notes Barcode Shelving Location Status Due Date
Moorhead Public Library Y G LEE (Text) 33500013964796 Main Available -
Moorhead Public Library Y G LEE (Text) 33500013964804 Main Checked out 07/06/2026

Record details

  • ISBN: 9781302957810
  • ISBN: 1302957813
  • Physical Description: 464 unnumbered pages : chiefly color illustrations ... Read More
  • Edition: Second edition.
  • Publisher: New York, NY : Marvel Worldwide, Inc., 2024.

Content descriptions

General Note:
"Contains material originally published in magazine form as Amazing Spider-Man (1963) #68-85 and ... Read More
Summary, etc.:
Two of the fiercest crime lords in New York City ... Read More
Target Audience Note:
Rated T.
Subject: Spider-Man (Fictitious character) > Comic books, strips, etc.
Superheroes > Comic books, strips, etc.
Genre: Superhero comics.
Graphic novels.
LDR 02876cam a2200517 i 4500
001433195
003LARL_NWRL_CONSORTIUM
00520240307174214.0
008231015s2024 nyua 6 000 1 eng d
040 . ‡aYDX ‡beng ‡erda ‡cYDX ‡dOCLCO ‡dOCLCQ ‡dOCLCL ‡dKCK ‡dJAS ‡dOCLCO
020 . ‡a9781302957810 ‡q(paperback)
020 . ‡a1302957813 ‡q(paperback)
035 . ‡a(OCoLC)1402811912
08204. ‡a741.5/973 ‡223
1001 . ‡aLee, Stan, ‡d1922-2018, ‡eauthor.
24514. ‡aThe amazing Spider-Man. ‡p1968-1970. ‡pThe secret of the petrified tablet / ‡cwriter, Stan Lee ; pencilers/layouts, John Romita & John Buscema with Larry Lieber & Marie Severin ; inkers/finishers, Jim Mooney [and others] ; letterers, Sam Rosen [and others].
2463 . ‡aAmazing Spider-Man epic collection. ‡pVolume 5, ‡p1968-1970
24630. ‡aSecret of the petrified tablet
250 . ‡aSecond edition.
264 1. ‡aNew York, NY : ‡bMarvel Worldwide, Inc., ‡c2024.
300 . ‡a464 unnumbered pages : ‡bchiefly color illustrations ; ‡c26 cm.
336 . ‡atext ‡btxt ‡2rdacontent
336 . ‡astill image ‡bsti ‡2rdacontent
337 . ‡aunmediated ‡bn ‡2rdamedia
338 . ‡avolume ‡bnc ‡2rdacarrier
4900 . ‡aAmazing Spider-Man. Epic collection ; ‡v5
500 . ‡a"Contains material originally published in magazine form as Amazing Spider-Man (1963) #68-85 and Amazing Spider-Man Annual (1964) #5"--Title page verso.
520 . ‡aTwo of the fiercest crime lords in New York City are on a quest to decipher an ancient petrified tablet - whose secrets promise great power! It's an indisputable classic by two of Marvel's greatest creators, Stan Lee and John Romita Sr. - and that's not all they have in store! J. Jonah Jameson has the Daily Bugle working overtime to brand Spider-Man as public enemy number one, the Prowler hits the scene, the Black Widow debuts her sultry new spy gear - and the origin of Peter's parents is revealed! Plus: The Kingpin comes back for more, and this time it's a family affair! Also featuring Gwen Stacy and the gang...whose heads are really going to turn when an ill Peter Parker strolls into a party in his Spider-Man costume?!
521 . ‡aRated T.
60000. ‡aSpider-Man ‡c(Fictitious character) ‡vComic books, strips, etc.
650 0. ‡aSuperheroes ‡vComic books, strips, etc.
655 7. ‡aSuperhero comics. ‡2lcgft
655 7. ‡aGraphic novels. ‡2lcgft
7001 . ‡aRomita, John, ‡d1930-2023, ‡eartist.
7001 . ‡aBuscema, John, ‡eartist. ‡0(LARL_NWRL_CONSORTIUM)179738
7001 . ‡aLieber, Larry, ‡eartist.
7001 . ‡aSeverin, Marie, ‡eartist. ‡0(LARL_NWRL_CONSORTIUM)183702
901 . ‡a433195 ‡bAUTOGEN ‡c433195 ‡tbiblio

Additional Resources